|
|
|
|
| LEADER |
01131nam a22003012a 4500 |
| 001 |
000362044 |
| 003 |
CZ BrMZK |
| 005 |
20151016104409.0 |
| 007 |
ta |
| 008 |
980105s1976 xr f cze d |
| 015 |
|
|
|a cnb000472913
|
| 035 |
|
|
|a (OCoLC)42102581
|
| 040 |
|
|
|a ABA001
|b cze
|c KLG001
|d ABA001
|d BOA001
|
| 080 |
|
|
|a 657(075.8)
|2 undef
|
| 100 |
1 |
|
|a Klozar, Jiří,
|d 1916-1996
|7 jk01060701
|4 aut
|
| 245 |
1 |
0 |
|a Základy účetnictví :
|b Určeno pro posl. všech fakult VŠE /
|c Jiří Klozar
|
| 250 |
|
|
|a 1. vyd.
|
| 260 |
|
|
|a Praha :
|b SPN,
|c 1976
|e (Teplice :
|f SG)
|
| 300 |
|
|
|a 161 s. ;
|c 4°
|
| 500 |
|
|
|a 1500 výt.
|
| 500 |
|
|
|a Vyd. Vys. škola ekon. v Praze
|
| 504 |
|
|
|a Obsahuje bibliografické odkazy
|
| 500 |
|
|
|a Dostupné též v digitální podobě v aplikaci Kramerius
|
| 710 |
2 |
|
|a Vysoká škola ekonomická v Praze
|7 kn20010709403
|
| 856 |
4 |
1 |
|u http://www.digitalniknihovna.cz/mzk/uuid/uuid:4934f3d0-770f-11e5-9690-005056827e51
|y Digitalizovaný dokument
|x NDK
|
| 910 |
|
|
|a BOA001
|b 4-0762.679
|
| 990 |
|
|
|a BK
|
| 996 |
7 |
|
|b 2619824726
|c 4-0762.679
|l MZK
|r Sklad / do 1 hodiny
|n 7
|w 000362044
|u 000010
|a 1
|e BOA001
|j MZK50
|s A
|